| 000 | 00929nac a22002531u 4500 | ||
|---|---|---|---|
| 010 | _a 2005935202 | ||
| 020 | _a0618161252 (main student text) | ||
| 020 | _a9780618161256 | ||
| 020 | _a0618161252 | ||
| 082 | 0 | 0 |
_a332 _bC8849 |
| 090 |
_c2387 _d2387 |
||
| 100 | _aCroushore, Dean Darrel | ||
| 245 | 1 | 0 |
_aMoney and banking : _ba policy-oriented approach / _cDean Croushore. |
| 246 | 1 | 4 | _aMoney & banking |
| 260 |
_aBoston, MA : _bHoughton Mifflin Co.,2007 _c2007. |
||
| 300 |
_axx, 588 p. : _bill. ; _c24 cm. |
||
| 504 | _aIncludes bibliographical references and index. | ||
| 650 | 0 | _aMoney. | |
| 650 | 0 | _aBanks and banking. | |
| 650 | 0 | _aMonetary policy. | |
| 856 | 4 | 1 |
_3Table of contents only _uhttp://www.loc.gov/catdir/toc/fy0614/2005935202.html |
| 942 |
_cBB _k332C8849 |
||
| 999 |
_c2387 _d2387 |
||